000 00929nam a2200277 a 4500
001 000016285
003 DO-SdBNP
005 20251113124908.0
007 ta
008 100303s2022 dr a 001 0 spa d
020 _a9789945509113
040 _aDO-SdBNP
_bspa
_cBNPHU
082 _axxx
_bR763d
100 1 0 _aRomero Tejada, Marcos Enrique
_982415
245 1 0 _aRepresentaciones de la identidad dominicana, ciudadanía, políticas sociales y gestión de riesgo en estudiantes universitarios /
_cMarcos Enrique Romero Tejada
260 _aSanto Domingo :
_bFriedrich Eberto Stiftung,
_c2022
300 _a24 p. ;
_c30 cm.
490 1 _aDemocracia y derechos humanos ;
490 1 _aPerspectiva ;
500 _aIncluye datos biográficos del autor en la última página.
504 _aBibliografía p: 20-22
590 _aInventariado, 2022 / DG
650 0 _aCiudadanía
_96372
910 _aDG
942 _2ddc
_cLF2
999 _c52447
_d52447